Kolory związków chemicznych - Statystyki

Ogólne statystyki
  • Ten quiz został rozwiązany 443 razy
  • Średni wynik to 12 z 37
Statystyki odpowiedzi
Wzór Kolor % Poprawnych
Ni2+ zielony
95%
Cr2O3 zielony
95%
K2Cr2O7 pomarańczowy
88%
FeO czarny
86%
Cu2+ niebieski
85%
biuret fioletowy
83%
KMnO4 fioletowy
83%
K2CrO4 żółty
83%
FeCl3 żółty
83%
Fe2O3 czerwony
69%
MnCl2 różowy
62%
MnO2 brunatny
60%
kompleksy Cu2+ szafirowy
27%
Mn(OH)2 biały osad
20%
Al(OH)3 biały osad
20%
Al2O3 biały osad
20%
CuO czarny osad
19%
K2MnO4 ciemnozielony
15%
CrCl3 ciemnozielony
15%
MnO szarozielony
15%
NO bezbarwny gaz
14%
NO2 brunatny gaz
14%
Co(OH)2 niebieski osad
13%
Fe(OH)3 brunatny osad
11%
Cu2O ceglastoczerwony osad
9%
CrO3 ciemnoczerwony
7%
I2 fioletowy gaz
7%
Cu(OH)2 niebieski galaretowaty osad
7%
Cr(OH)3 szarozielony osad
6%
Cl2 żółtozielony gaz
6%
F2 zielonożółty gaz
4%
AgI jasnożółty osad
3%
AgCl biały serowaty osad
2%
Fe(OH)2 zielony galaretowaty osad
2%
Br2 brunatnoczerwony gaz
1%
PbI2 jaskrawożółty osad
1%
Co2+ różowoczerwony
1%
Nie znaleziono quizów pasujących do podanych kryteriów
Rozkład punktacji
Procent ludzi z każdym wynikiem
Percentyl według liczby udzielonych odpowiedzi
Twoja historia wyników
Nie rozwiązałeś tego quizu